The Southern Cross /

Bibliographic Details
Main Author: Wright, Charles, 1935-
Format: Book
Language:English
Published: New York : Random House, [1981]
Edition:1st ed.

MARC

Tag First Indicator Second Indicator Subfields
LEADER 00000cam a22000008a 4500
001 in00000076732
005 20151008053747.0
008 810511s1981 nyu 00010 eng
010 |a  81040226  
020 |a 039452148X :  |c $9.95 
020 |a 0394748883 (pbk.) :  |c $4.95 
035 |a (OCoLC)07554533 
035 |9 AAH8554AM 
039 0 |a 2  |b 3  |c 3  |d 3  |e 3 
040 |a DLC  |c DLC  |d TXA  |d UtOrBLW 
049 |a TXAM  |c [1560880] 
050 0 0 |a PS3573.R52  |b S6 
082 0 |a 811/.54  |2 19 
100 1 |a Wright, Charles,  |d 1935- 
245 1 4 |a The Southern Cross /  |c Charles Wright. 
250 |a 1st ed. 
263 |a 8109 
264 1 |a New York :  |b Random House,  |c [1981] 
264 4 |c ©1981 
300 |a 65 pages ;  |c 22 cm. 
336 |a text  |b txt  |2 rdacontent 
337 |a unmediated  |b n  |2 rdamedia 
338 |a volume  |b nc  |2 rdacarrier 
500 |a Poems. 
999 |a MARS 
999 f f |s 67b10285-f646-3c8b-81f9-e8a1598e9c52  |i 09666329-d9cf-3b4e-84eb-84113644a0f0  |t 0 
952 f f |p ric  |a Texas A&M University  |b Rellis Campus  |c Joint Library Facility  |d Remote Storage  |t 0  |e PS3573.R52 S6  |h Library of Congress classification  |i unmediated -- volume  |m A14806193777 
998 f f |a PS3573.R52 S6  |t 0  |l Remote Storage